00446 2200169 4500001002100000005001500021008004100036020002200077035001900099041000700118082000800125090001700133100002500150245004600175260002800221300002700249INLIS00000000002524420241224131903241224||||||||| | ||| |||| || |  a978-602-7825-78-9 0010-1224025244 aid0 a637 a637. 5 SOE t0 aSoewarno T. Soekarto00aTEKNOLOGI PENANGANAN DAN PENGOLAHAN TELUR aBandungbalfabetac2013 a(xvi + 360) 16 x 24 cm